000 00305nam a2200145Ia 4500
100 _aKumbhojkar / G.V
490 _v2
942 _cBK
654 _amathematics
245 _aApplied Mathematics II
260 _bC.Jamnadas&co.
_aPune
_c2004
082 _a511
_bKUM
300 _a425
546 _aENGLISH
999 _c33709
_d33709